000 01049nam0a22002411i 4500
001 rc\4399940
005 20240724155623.0
021 _aRU
_b[67-95918]
035 _a(NLR Aleph) 008298005
090 _a8617949
_c8617949
100 _a20130416d1967 |||y0rusy50 ca
101 0 _arus
102 _aRU
105 _ay d |||||
200 1 _aГеография отгонного животноводства Киргизии
_e(На примере Чуйской долины, Кенес-Анархая и Прибалхашья)
_eАвтореферат дис. на соискание ученой степени кандидата географических наук
_fАзерб. гос. ун-т им. С.М. Кирова. Геол.-геогр. фак.
210 _aБаку
_d1967
215 _a19 с.
320 _aСписок работ авт., в конце текста (10 назв.)
700 1 _aДжумалиев
_bС.
_gСатар
801 0 _aRU
_bNLR
_gpsbo
801 1 _aRU
_bELAR
_2rusmarc
852 _aNLR
_j68-4/1108
942 _cBOOK